[Event "Mondariz Cemar op 2nd"]
[Site "Mondariz"]
[Date "2015.08.23"]
[Round "9"]
[White "Panelo Munoz, Marcelo A"]
[Black "Picazo Gonzalez, Ana"]
[Result "1-0"]
[WhiteElo "2418"]
[BlackElo "1851"]
[PlyCount "53"]
[EventDate "2015.08.16"]
[EventType "swiss"]
[EventRounds "9"]
[EventCountry "ESP"]
[SourceTitle "EXT 2019"]
[Source "ChessBase"]
[SourceDate "2018.10.10"]
[SourceVersion "1"]
[SourceVersionDate "2018.10.10"]
[SourceQuality "1"]

1. e4 e6 2. d4 d5 3. Nc3 Nf6 4. Bg5 Be7 5. e5 Nfd7 6. h4 Nc6 7. Nf3 h6 8. Bf4 a6 9. a3 b5 10. h5 Nb6 11. Rh3 Bd7 12. Rg3 Bf8 13. Bd3 Rb8 14. Ne2 Nc4 15. Bc1 Ne7 16. Nf4 c6 17. b3 Nb6 18. Bd2 Nf5 19. Bxf5 exf5 20. Bb4 Be6 21. Qd2 Rg8 22. Qc3 Qd7 23. Ke2 Ra8 24. Bxf8 Rxf8 25. Rxg7 Rh8 26. Qc5 Nc8 27. Ng6 1-0

[Event "Mondariz Cemar op 2nd"]
[Site "Mondariz"]
[Date "2015.08.19"]
[Round "5"]
[White "Buitron Ramil, David"]
[Black "Picazo Gonzalez, Ana"]
[Result "1-0"]
[WhiteElo "1641"]
[BlackElo "1851"]
[PlyCount "110"]
[EventDate "2015.08.16"]
[EventType "swiss"]
[EventRounds "9"]
[EventCountry "ESP"]
[SourceTitle "EXT 2019"]
[Source "ChessBase"]
[SourceDate "2018.10.10"]
[SourceVersion "1"]
[SourceVersionDate "2018.10.10"]
[SourceQuality "1"]

1. e4 e6 2. d4 d5 3. Nc3 Nf6 4. Bg5 Be7 5. e5 Nfd7 6. h4 Nc6 7. Qg4 f6 8. exf6 Nxf6 9. Qd1 0-0 10. Nf3 a6 11. Bd3 Nb4 12. Bxf6 Nxd3+ 13. Qxd3 Rxf6 14. 0-0-0 Qe8 15. Rde1 c6 16. h5 Bd6 17. Kb1 h6 18. Nd1 Bd7 19. Ne3 Rf4 20. Nh4 Qf7 21. g3 Re4 22. f3 Rxh4 23. gxh4 Qxh5 24. Reg1 e5 25. Qg6 Qxg6 26. Rxg6 Bf8 27. dxe5 Re8 28. f4 d4 29. Nc4 Bf5 30. Rg3 Rd8 31. Kc1 b5 32. Nd6 Bxd6 33. exd6 Rxd6 34. Rhg1 Rd7 35. a4 Kf8 36. axb5 axb5 37. b3 h5 38. Rg5 g6 39. Re1 Kf7 40. Rg2 d3 41. Rd2 dxc2 42. Rxd7+ Bxd7 43. Kxc2 Bg4 44. b4 Kf6 45. Re5 Bf3 46. Kc3 Bg2 47. Kd4 Bf3 48. Kc5 Bg2 49. Kd6 Bd5 50. Rg5 Bf3 51. Rc5 Bg2 52. Rxc6 Kf5 53. Rc5+ Kxf4 54. Rxb5 Kg4 55. Rg5+ Kh3 1-0

[Event "Mondariz Cemar op 2nd"]
[Site "Mondariz"]
[Date "2015.08.18"]
[Round "3"]
[White "Tallarico Tallarico, Ovidio Mario"]
[Black "Picazo Gonzalez, Ana"]
[Result "1-0"]
[WhiteElo "2114"]
[BlackElo "1851"]
[PlyCount "83"]
[EventDate "2015.08.16"]
[EventType "swiss"]
[EventRounds "9"]
[EventCountry "ESP"]
[SourceTitle "EXT 2019"]
[Source "ChessBase"]
[SourceDate "2018.10.10"]
[SourceVersion "1"]
[SourceVersionDate "2018.10.10"]
[SourceQuality "1"]

1. g3 d5 2. Bg2 e6 3. Nf3 c5 4. 0-0 Nc6 5. d4 Nf6 6. c4 Be7 7. cxd5 exd5 8. Nc3 0-0 9. h3 c4 10. Ne5 Be6 11. Nxc4 dxc4 12. d5 Nxd5 13. Nxd5 Bc5 14. Bf4 Rc8 15. Rc1 g5 16. Be3 Bxe3 17. Nxe3 Qxd1 18. Rfxd1 b5 19. Rd6 Ne5 20. f4 gxf4 21. gxf4 c3 22. b3 Ng6 23. f5 Nf4 24. Kf2 Bxb3 25. axb3 Rfe8 26. Bf1 Re4 27. Nd5 Nxd5 28. Rxd5 Rb4 29. e3 a6 30. Rd6 Rxb3 31. Rxa6 Rb2+ 32. Kf3 b4 33. f6 h6 34. Bd3 Rd2 35. Bf5 Rb8 36. Rb1 Rd5 37. Bc2 Rdb5 38. Bb3 R5b6 39. Rba1 h5 40. h4 Rb5 41. Ke2 R5b6 42. Rxb6 1-0

[Event "Mondariz Marcote Memorial"]
[Site "Mondariz"]
[Date "2014.08.24"]
[Round "9"]
[White "Garcia Sobrino, David"]
[Black "Picazo Gonzalez, Ana"]
[Result "1/2-1/2"]
[WhiteElo "1852"]
[BlackElo "1795"]
[PlyCount "62"]
[EventDate "2014.08.16"]
[EventType "swiss"]
[EventRounds "9"]
[EventCountry "ESP"]
[SourceTitle "EXT 2015"]
[Source "ChessBase"]
[SourceDate "2014.11.20"]
[SourceVersion "1"]
[SourceVersionDate "2014.11.20"]
[SourceQuality "1"]

1. e4 e6 2. d4 d5 3. Nc3 Nf6 4. e5 Nfd7 5. f4 c5 6. Nf3 Nc6 7. Be3 cxd4 8. Nxd4 Bc5 9. Qd2 a6 10. g3 Nxd4 11. Bxd4 b5 12. Ne2 0-0 13. Bg2 Bb7 14. 0-0 Qc7 15. c3 Rac8 16. Rae1 a5 17. Bxc5 Nxc5 18. Nd4 Qb6 19. g4 b4 20. f5 exf5 21. gxf5 Qh6 22. Re3 bxc3 23. bxc3 Ne4 24. Bxe4 dxe4 25. f6 Rfd8 26. Qe2 Ba6 27. Qf2 Bxf1 28. Nf5 Qg5+ 29. Rg3 Bh3 30. Ne7+ Kf8 31. fxg7+ Kxe7 1/2-1/2

[Event "Mondariz Marcote Memorial"]
[Site "Mondariz"]
[Date "2014.08.17"]
[Round "2"]
[White "Picazo Gonzalez, Ana"]
[Black "Represa Garazo, Juan Manuel"]
[Result "1-0"]
[WhiteElo "1795"]
[BlackElo "1555"]
[PlyCount "73"]
[EventDate "2014.08.16"]
[EventType "swiss"]
[EventRounds "9"]
[EventCountry "ESP"]
[SourceTitle "EXT 2015"]
[Source "ChessBase"]
[SourceDate "2014.11.20"]
[SourceVersion "1"]
[SourceVersionDate "2014.11.20"]
[SourceQuality "1"]

1. d4 d5 2. Nf3 c6 3. e3 Bg4 4. c4 e6 5. Qb3 Qc7 6. Ne5 f5 7. Nxg4 fxg4 8. Be2 Nf6 9. Nc3 Nbd7 10. Bd2 Be7 11. Rc1 0-0 12. cxd5 g3 13. hxg3 Nxd5 14. Nxd5 exd5 15. Qxd5+ Kh8 16. Bd3 Nf6 17. Qf5 h6 18. g4 Qd7 19. g5 Qxf5 20. Bxf5 Nd5 21. e4 Nb4 22. Ke2 Rad8 23. gxh6 Rxf5 24. exf5 Rxd4 25. hxg7+ Kxg7 26. Bc3 Bf6 27. Bxd4 Bxd4 28. Rh4 c5 29. Rxd4 cxd4 30. Rc7+ Kf6 31. Rxb7 Nxa2 32. Kd2 a6 33. g4 Kg5 34. Rb6 a5 35. f4+ Kxg4 36. f6 Nb4 37. Rxb4 1-0

[Event "San Sebastian op 37th"]
[Site "San Sebastian"]
[Date "2014.04.12"]
[Round "1"]
[White "Pap, Misa"]
[Black "Picazo Gonzalez, Ana"]
[Result "1-0"]
[WhiteElo "2495"]
[BlackElo "1836"]
[PlyCount "35"]
[EventDate "2014.04.12"]
[EventType "swiss"]
[EventRounds "9"]
[EventCountry "ESP"]
[SourceTitle "CBM 159 Extra"]
[Source "ChessBase"]
[SourceDate "2014.04.24"]
[SourceVersion "1"]
[SourceVersionDate "2014.04.24"]
[SourceQuality "1"]

1. e4 e6 2. d4 d5 3. e5 c5 4. c3 Qb6 5. Nf3 Nc6 6. Bd3 cxd4 7. cxd4 Bd7 8. 0-0 Nxd4 9. Nbd2 a6 10. Nxd4 Qxd4 11. Nf3 Qb6 12. b4 Rc8 13. Be3 Qd8 14. Ng5 Be7 15. h4 Nh6 16. Qh5 Bb5 17. Nxe6 Qd7 18. Bxb5 1-0

[Event "San Sebastian op 36th"]
[Site "San Sebastian"]
[Date "2013.03.30"]
[Round "9"]
[White "Picazo Gonzalez, Ana"]
[Black "Darrigues, Alain"]
[Result "1-0"]
[WhiteElo "1762"]
[BlackElo "1991"]
[PlyCount "93"]
[EventDate "2013.03.23"]
[EventType "swiss"]
[EventRounds "9"]
[EventCountry "ESP"]
[SourceTitle "CBM 153 Extra"]
[Source "ChessBase"]
[SourceDate "2013.04.22"]
[SourceVersion "1"]
[SourceVersionDate "2013.04.22"]
[SourceQuality "1"]

1. d4 Nf6 2. c4 c5 3. d5 e6 4. Nc3 exd5 5. cxd5 d6 6. e4 g6 7. f4 Bg7 8. Nf3 0-0 9. Be2 Re8 10. e5 dxe5 11. fxe5 Ng4 12. Bg5 f6 13. exf6 Bxf6 14. Qd2 Bxg5 15. Qxg5 Qxg5 16. Nxg5 Ne3 17. Kf2 Na6 18. Nge4 Nc2 19. Nf6+ Kf8 20. Rac1 Rxe2+ 21. Kxe2 Nd4+ 22. Kd2 h5 23. Rhf1 Bf5 24. h3 h4 25. Rce1 Rd8 26. Re5 Nb4 27. Nfe4 Nbc6 28. dxc6 Nf3+ 29. Kc1 Nxe5 30. Nxc5 bxc6 31. Ne6+ Ke7 32. Nxd8 Kxd8 33. b3 Kc7 34. Kd2 Bc8 35. Rf4 g5 36. Re4 Ng6 37. Ne2 Bd7 38. Kc3 c5 39. b4 Bf5 40. Rc4 Kd6 41. Rxc5 Ne5 42. a3 Bd7 43. Kd4 Nf7 44. Nc3 Ke6 45. Ne4 Ba4 46. Nxg5+ Nxg5 47. Rxg5 1-0

[Event "San Sebastian op 36th"]
[Site "San Sebastian"]
[Date "2013.03.29"]
[Round "8"]
[White "Picazo Gonzalez, Ana"]
[Black "Argandona Riveiro, Inigo"]
[Result "0-1"]
[WhiteElo "1762"]
[BlackElo "2421"]
[PlyCount "110"]
[EventDate "2013.03.23"]
[EventType "swiss"]
[EventRounds "9"]
[EventCountry "ESP"]
[SourceTitle "CBM 153 Extra"]
[Source "ChessBase"]
[SourceDate "2013.04.22"]
[SourceVersion "1"]
[SourceVersionDate "2013.04.22"]
[SourceQuality "1"]

1. d4 g6 2. c4 Bg7 3. Nc3 d6 4. e4 Nc6 5. Be3 e5 6. d5 Nce7 7. Nf3 f5 8. g3 Nf6 9. Bg2 0-0 10. 0-0 h6 11. h4 f4 12. Bd2 Bg4 13. b4 Rf7 14. Qe2 Qf8 15. Qd3 Nh5 16. Kh2 Kh7 17. c5 Ng8 18. c6 b6 19. Ne2 a6 20. a4 Kh8 21. Ra3 Ngf6 22. Neg1 Nh7 23. Nh3 Qe7 24. Bc1 a5 25. bxa5 Rxa5 26. Bd2 Ra8 27. Nhg1 N7f6 28. a5 bxa5 29. Rb1 Raf8 30. Bxa5 Bc8 31. Be1 Kh7 32. Bh3 Ng4+ 33. Kg2 g5 34. hxg5 hxg5 35. Kh1 Kg6 36. Bxg4 Bxg4 37. Kg2 fxg3 38. fxg3 Bxf3+ 39. Nxf3 Rxf3 40. Qxf3 Rxf3 41. Rxf3 Nf6 42. Rb7 Nxe4 43. Ba5 g4 44. Rf1 Qg5 45. Rxc7 Qe3 46. Be1 Qe2+ 47. Kg1 Ng5 48. Bf2 Qe4 49. Rd1 Nh3+ 50. Kf1 Qh1+ 51. Ke2 Qf3+ 52. Kd2 Qxd5+ 53. Kc1 Qc4+ 54. Kb1 Qb3+ 55. Kc1 Bh6+ 0-1

[Event "Benidorm op U2300 11th"]
[Site "Benidorm"]
[Date "2012.12.07"]
[Round "9"]
[White "Arroyo Salido, Marcelino Eudor"]
[Black "Picazo Gonzalez, Ana"]
[Result "1-0"]
[WhiteElo "2043"]
[BlackElo "1736"]
[PlyCount "37"]
[EventDate "2012.11.30"]
[EventType "swiss"]
[EventRounds "10"]
[EventCountry "ESP"]
[SourceTitle "EXT 2014"]
[Source "ChessBase"]
[SourceDate "2013.11.20"]
[SourceVersion "1"]
[SourceVersionDate "2013.11.20"]
[SourceQuality "1"]

1. d4 e6 2. Nf3 d5 3. c4 c5 4. e3 Nc6 5. a3 a6 6. Nc3 Nf6 7. h3 cxd4 8. exd4 dxc4 9. Bxc4 b5 10. Ba2 Bb7 11. 0-0 Be7 12. Bg5 0-0 13. Rc1 Qd7 14. d5 Nxd5 15. Nxd5 exd5 16. Bxd5 Bxg5 17. Nxg5 Rad8 18. Qc2 g6 19. Bxc6 1-0

[Event "Mondariz op U2300 9th"]
[Site "Mondariz"]
[Date "2012.04.06"]
[Round "7"]
[White "Picazo Gonzalez, Ana"]
[Black "Arranz Fraile, Javier"]
[Result "1-0"]
[WhiteElo "1728"]
[BlackElo "1669"]
[PlyCount "64"]
[EventDate "2012.03.31"]
[EventType "swiss"]
[EventRounds "8"]
[EventCountry "ESP"]
[SourceTitle "CBM 147 Extra"]
[Source "ChessBase"]
[SourceDate "2012.04.24"]
[SourceVersion "1"]
[SourceVersionDate "2012.04.24"]
[SourceQuality "1"]

1. d4 f5 2. g3 Nf6 3. Bg2 e6 4. Nf3 d6 5. 0-0 Be7 6. c4 0-0 7. Nc3 Qe8 8. b3 a5 9. Ba3 c6 10. Rc1 Na6 11. Qd3 Nb4 12. Qd2 Ne4 13. Nxe4 fxe4 14. Ng5 d5 15. Nh3 Bd6 16. f3 e5 17. c5 Bc7 18. fxe4 dxe4 19. Rxf8+ Qxf8 20. Rf1 Qe7 21. Bxb4 axb4 22. Ng5 exd4 23. Nxe4 Qe5 24. Kh1 Bf5 25. Nd6 Bc8 26. Qxb4 Bxd6 27. cxd6 c5 28. Qb6 h6 29. Qd8+ Kh7 30. d7 Qe6 31. dxc8R Rxc8 32. Qd5 Qxe2 1-0

[Event "Mondariz op 8th"]
[Site "Mondariz"]
[Date "2011.04.17"]
[Round "2"]
[White "Picazo Gonzalez, Ana"]
[Black "Feijoo Novoa, Carlos"]
[Result "0-1"]
[WhiteElo "1722"]
[BlackElo "2089"]
[PlyCount "64"]
[EventDate "2011.04.16"]
[EventType "swiss"]
[EventRounds "8"]
[EventCountry "ESP"]
[SourceTitle "EXT 2012"]
[Source "ChessBase"]
[SourceDate "2011.11.24"]
[SourceVersion "1"]
[SourceVersionDate "2011.11.24"]
[SourceQuality "1"]

1. d4 Nf6 2. c4 g6 3. Nc3 Bg7 4. e4 0-0 5. f4 d6 6. Nf3 Na6 7. Be2 e5 8. fxe5 dxe5 9. d5 Nc5 10. Bg5 h6 11. Bxf6 Qxf6 12. 0-0 Qe7 13. Kh1 a5 14. Rb1 f5 15. exf5 Bxf5 16. Rc1 Kh7 17. Qd2 Bf6 18. Rce1 Rad8 19. Qe3 b6 20. h3 Qg7 21. g4 Bc8 22. Ne4 Be7 23. Nxc5 Bxc5 24. Qxe5 Qxe5 25. Nxe5 Bf2 26. Rd1 Rde8 27. Kg2 Bc5 28. Rxf8 Bxf8 29. Rf1 Bg7 30. Nxg6 Rxe2+ 31. Kf3 Re8 32. Nf4 Bxb2 0-1

[Event "Benidorm New Generation U12 06th"]
[Site "Benidorm"]
[Date "2010.12.07"]
[Round "6"]
[White "Bas Mas, Miguel"]
[Black "Picazo Gonzalez, Ana"]
[Result "1/2-1/2"]
[WhiteElo "1843"]
[BlackElo "1603"]
[PlyCount "112"]
[EventDate "2010.12.04"]
[EventType "swiss"]
[EventRounds "7"]
[EventCountry "ESP"]
[SourceTitle "EXT 2024"]
[Source "ChessBase"]
[SourceDate "2023.10.10"]
[SourceVersion "1"]
[SourceVersionDate "2023.10.10"]
[SourceQuality "1"]

1. e4 e6 2. d4 d5 3. exd5 exd5 4. Nf3 Nf6 5. Bd3 Bg4 6. 0-0 Be7 7. Nbd2 0-0 8. c3 Nbd7 9. b3 Nh5 10. Qc2 h6 11. h3 Be6 12. Re1 Nf4 13. Nf1 Nxd3 14. Qxd3 Bd6 15. Bb2 Qf6 16. Ng3 c6 17. Rad1 Bxg3 18. fxg3 Bf5 19. Qf1 Rfe8 20. Re2 Rxe2 21. Qxe2 Nf8 22. c4 Ne6 23. cxd5 cxd5 24. Qb5 Rc8 25. Qxd5 Rc2 26. Rd2 Rxd2 27. Nxd2 Qg5 28. Nf1 Nd8 29. Qf3 Be6 30. Ne3 Qe7 31. d5 Bd7 32. Nc4 Qc5+ 33. Kh2 f6 34. Qe4 Nf7 35. Ba3 Qc8 36. Qe7 b5 37. Nd6 Nxd6 38. Qxd6 Qe8 39. Qc5 a6 40. Qb6 Bc8 41. d6 Qd7 42. Bc5 Kf7 43. Qc7 Qxc7 44. dxc7 Ke6 45. a4 g6 46. a5 Kd7 47. Bb6 b4 48. Bc5 Kxc7 49. Bxb4 Kc6 50. Bd2 h5 51. Bc3 f5 52. h4 Kd5 53. Kg1 Ke4 54. Kf2 Kd3 55. Bf6 Bb7 56. b4 Bc6 1/2-1/2

[Event "Benidorm New Generation U12 06th"]
[Site "Benidorm"]
[Date "2010.12.06"]
[Round "4"]
[White "Alonso Vara, Laura"]
[Black "Picazo Gonzalez, Ana"]
[Result "1/2-1/2"]
[WhiteElo "1639"]
[BlackElo "1603"]
[PlyCount "81"]
[EventDate "2010.12.04"]
[EventType "swiss"]
[EventRounds "7"]
[EventCountry "ESP"]
[SourceTitle "EXT 2024"]
[Source "ChessBase"]
[SourceDate "2023.10.10"]
[SourceVersion "1"]
[SourceVersionDate "2023.10.10"]
[SourceQuality "1"]

1. e4 e6 2. d4 d5 3. Nc3 Nf6 4. e5 Nfd7 5. Be3 c5 6. f4 Nc6 7. Nf3 cxd4 8. Nxd4 Bc5 9. Nxc6 bxc6 10. Bxc5 Nxc5 11. Qd4 Qb6 12. 0-0-0 Rb8 13. b3 0-0 14. h4 Qa5 15. h5 Rb4 16. Qe3 Ne4 17. a4 Nxc3 18. Qxc3 Rxa4 19. Qxa5 Rxa5 20. Bd3 Ba6 21. Bxa6 Rxa6 22. Kd2 Rb8 23. Ra1 Rbb6 24. Rhf1 Kf8 25. Kc3 c5 26. Kb2 Ke7 27. Rfd1 f6 28. g3 f5 29. Rdc1 Kd7 30. Rg1 Kc6 31. g4 g6 32. hxg6 hxg6 33. gxf5 gxf5 34. Rg6 Kb5 35. Rgg1 Rxa1 36. Rxa1 Ra6 37. c4+ dxc4 38. bxc4+ Kb6 39. Rxa6+ Kxa6 40. Ka3 Ka5 41. Kb3 1/2-1/2

[Event "Benidorm New Generation U12 06th"]
[Site "Benidorm"]
[Date "2010.12.06"]
[Round "3"]
[White "Picazo Gonzalez, Ana"]
[Black "Fernandez Cano, Victor"]
[Result "1/2-1/2"]
[WhiteElo "1603"]
[BlackElo "1728"]
[PlyCount "55"]
[EventDate "2010.12.04"]
[EventType "swiss"]
[EventRounds "7"]
[EventCountry "ESP"]
[SourceTitle "EXT 2024"]
[Source "ChessBase"]
[SourceDate "2023.10.10"]
[SourceVersion "1"]
[SourceVersionDate "2023.10.10"]
[SourceQuality "1"]

1. d4 Nf6 2. c4 c5 3. d5 b5 4. cxb5 a6 5. bxa6 Bxa6 6. Nc3 d6 7. f4 g6 8. Nf3 Bg7 9. e4 Bxf1 10. Rxf1 Nbd7 11. e5 dxe5 12. fxe5 Ng4 13. e6 fxe6 14. Ng5 Bxc3+ 15. bxc3 Ndf6 16. Nxe6 Qa5 17. Bd2 c4 18. h3 Ne5 19. Nf4 Nxd5 20. Nxd5 Qxd5 21. Qe2 Kd7 22. a3 Rhb8 23. Kf2 Rb2 24. Rfd1 Rf8+ 25. Kg1 Kc6 26. Rab1 Qc5+ 27. Kh1 Rxb1 28. Rxb1 1/2-1/2